| 000 | 00566nam a2200193 a 4500 | ||
|---|---|---|---|
| 005 | 20240227063610.0 | ||
| 008 | 991125s1978 mx 000 0 spa u | ||
| 035 | _aUPN01000032217 | ||
| 049 | _aCG | ||
| 050 | 4 |
_aD65 C6.5 _b1978 |
|
| 100 | 1 |
_aComas, Juan, _d1900-1979 _930643 |
|
| 245 | 1 | 0 |
_aIntroducción a la prehistoria general / _cJuan Comas |
| 260 |
_aMéxico : _bUNAM, Instituto de Investigaciones Históricas, _c1978 |
||
| 300 | _a275 p | ||
| 440 | 0 | _aTextos universitarios | |
| 650 | 7 |
_aHistoria antigua _2 _915578 |
|
| 904 |
_aAC _b032218 |
||
| 905 | _aLibro | ||
| 999 |
_c32217 _d32217 |
||